| 000 | 00920nam0a22002651 4500 | ||
|---|---|---|---|
| 001 | RU\INFOCOMM_322\NLR\5000190878 | ||
| 005 | 20250613110959.0 | ||
| 035 | _a(NLR Aleph) 009578717 | ||
| 090 |
_a9176497 _c9176497 |
||
| 100 | _a20130221d1988 |||y0rusy50 ca | ||
| 101 | 0 | _aeng | |
| 102 | _aRU | ||
| 105 | _ay z ||||| | ||
| 200 | 1 |
_aThe technique of centrifugal casting of large diameter pipes _eSci.-techn. symp. with the Intern. exhib. "Interlitmash-88", Moscow, Sept. 10-19, 1988 _fG. S. Mirzojan |
|
| 210 |
_aM. _d1988 |
||
| 215 |
_a23 с. _cил. _d21 см |
||
| 606 | 0 |
_aТруболитейное производство _xЦентробежный метод _2nlr_sh1 |
|
| 620 | _aМосква | ||
| 686 |
_aК748.116.4 _2rubbk |
||
| 700 | 1 |
_aMirzojan _bG. S. _gGrant Surenovič |
|
| 801 | 1 |
_aRU _bInfocomm _c20130221 |
|
| 801 | 0 |
_aRU _bINFOCOMM _gPSBO |
|
| 852 |
_aNLR _jТ37 Д-4/154 |
||
| 942 | _cBOOK | ||
| 980 | _aNB | ||